000
00287nam a2200121 a 4500
005
20140414093834.0
008
030611s19uu xx 00 eng d
050
_a
CDR 581
_b
BOT 1996
245
_a
Biological sciences :
_b
Botany.
650
_a
Botany.
942
_c
AVM
999
_c
108943
_d
108943